Statistics for Lyrics: Heaven - Niall Horan (all lyrics)

Click here to take the quiz!

General Stats

  • This quiz has been taken 10 times
  • The average score is 199 of 264

Answer Stats

Answer% Correct
a
100%
an
100%
and
100%
do
100%
Heaven
100%
heaven
100%
I
100%
me
100%
the
100%
to
100%
You
100%
you
100%
be
88%
go
88%
is
88%
same
88%
this
88%
up
88%
we
88%
won't
88%
your
88%
can't
75%
could
75%
even
75%
flames
75%
if
75%
in
75%
it
75%
just
75%
knows
75%
of
75%
so
75%
what
75%
where
75%
across
63%
around
63%
but
63%
candle
63%
control
63%
dance
63%
float
63%
get
63%
God
63%
grow
63%
hard
63%
hold
63%
how
63%
human
63%
I'm
63%
It's
63%
love
63%
made
63%
new
63%
No
63%
only
63%
our
63%
room
63%
something
63%
starts
63%
that's
63%
touch
63%
You're
63%
answer
50%
believe
50%
better
50%
die
50%
doesn't
50%
enjoy
50%
floor
50%
kiss
50%
Let's
50%
light
50%
much
50%
not
50%
outta
50%
put
50%
Strange
50%
than
50%
view
50%
complicated
38%
having
38%
revolves
38%
adore
25%
beyond
25%
infatuation
25%
obsessively
25%
revelations
25%

Score Distribution

Percentile by Number Answered

Percent of People with Each Score

Your Score History

You have not taken this quiz